Concelhos de Beja no mapa - Statistics

Estatísticas Gerais
  • Esse quiz foi jogado 64 vezes
  • A pontuação média é 11 de 14
Respostas no mapa
Respostas codificadas por cores de uma escala verde-vermelha no mapa do quiz de acordo com a % correta abaixo.
 
Estatísticas das Respostas
Resposta % Correto
Odemira
100%
Barrancos
90%
Beja
90%
Almodôvar
81%
Moura
81%
Ourique
81%
Serpa
81%
Mértola
76%
Castro Verde
71%
Alvito
67%
Cuba
67%
Ferreira do Alentejo
62%
Aljustrel
57%
Vidigueira
57%
Nenhum quiz correspondente encontrado
Distribuição das Pontuações
Porcentagem de Pessoas com Cada Pontuação
Percentil de Números Respondidos
Sua Pontuação Histórica
Você não jogou esse quiz